000 00995nam a2200265 i 4500
001 bg
245 1 0 _aPrzetwarzanie obrazów :
_bmateriały pomocnicze do ćwiczeń /
_cMarek Doros [et al.] ; Wyższa Szkoła Informatyki Stosowanej i Zarządzania.
260 _aWarszawa :
_bWSISiZ,
_c2004.
300 _a171 s. :
_bil. ;
_c24 cm.
490 1 _aPomocnicze Materiały Dydaktyczne WSISiZ
504 _aBibliogr.
650 9 _aPrzetwarzanie obrazów
655 _aMateriały pomocnicze dla szkół wyższych
700 1 _aDOROS, Marek
710 0 _aWyższa Szkoła Informatyki Stosowanej i Zarządzania (Warszawa)
830 _aPomocnicze Materiały Dydaktyczne WSISiZ
020 _a8388311743
040 _cBPK
041 0 _apol
080 _a004.932(084.4)(075.8)
920 _a83-88311-74-3
942 _cKS
008 s pl f |000 0 pol
999 _c45187
_d45187
856 _uhttp://koha.tu.koszalin.pl/cgi-bin/koha/opac-detail.pl?biblionumber=45187
_yKatalog online BPK